Chemical recycling of polymer wastes based on polylactide; Химия и химическая технология в XXI веке

Detaylı Bibliyografya
Parent link:Химия и химическая технология в XXI веке.— 2018.— [С. 487-488]
Yazar: Krevsun V. V.
Kurumsal yazarlar: Национальный исследовательский Томский политехнический университет Инженерная школа природных ресурсов Отделение химической инженерии, Национальный исследовательский Томский политехнический университет Школа базовой инженерной подготовки Отделение иностранных языков
Diğer Yazarlar: Lazarev K. V. (научный руководитель), Maletsky V. U., Volgina T. N. Tatiana Nikolaevna, Shvagrukova E. V. Ekaterina Vasilevna
Özet:Заглавие с экрана
Dil:İngilizce
Baskı/Yayın Bilgisi: 2018
Seri Bilgileri:Химия и химическая технология на иностранном языке
Konular:
Online Erişim:http://earchive.tpu.ru/handle/11683/49923
Materyal Türü: MixedMaterials Elektronik Kitap Bölümü
KOHA link:https://koha.lib.tpu.ru/cgi-bin/koha/opac-detail.pl?biblionumber=627064

MARC

LEADER 00000naa2a2200000 4500
001 627064
005 20231101133437.0
035 |a (RuTPU)RU\TPU\conf\26754 
035 |a RU\TPU\conf\26751 
090 |a 627064 
100 |a 20180814d2018 k y0rusy50 ba 
101 0 |a eng 
102 |a RU 
105 |a y z 101zy 
135 |a drgn ---uucaa 
181 0 |a i  
182 0 |a b 
200 1 |a Chemical recycling of polymer wastes based on polylactide  |f V. V. Krevsun, K. V. Lazarev, V. U. Maletsky  |g sci. adv. T. N. Volgina, E. V. Shvagrukova 
203 |a Текст  |c электронный 
225 1 |a Химия и химическая технология на иностранном языке 
230 |a 1 компьютерный файл (pdf; 698 Kb) 
300 |a Заглавие с экрана 
320 |a [Библиогр.: с. 488 (4 назв.)] 
463 0 |0 (RuTPU)RU\TPU\conf\26227  |t Химия и химическая технология в XXI веке  |o материалы XIX Международной научно-практической конференции студентов и молодых ученых имени профессора Л. П. Кулёва, 21-24 мая 2018 г., г. Томск  |f Национальный исследовательский Томский политехнический университет  |v [С. 487-488]  |d 2018 
610 1 |a электронный ресурс 
610 1 |a труды учёных ТПУ 
610 1 |a рециркуляция 
610 1 |a полимерные отходы 
610 1 |a полилактиды 
610 1 |a переработка 
610 1 |a пластики 
610 1 |a полимеры 
610 1 |a биоразлагаемые материалы 
610 1 |a утилизация 
610 1 |a мономеры 
700 1 |a Krevsun  |b V. V. 
701 1 |a Lazarev  |b K. V. 
701 1 |a Maletsky  |b V. U. 
702 1 |a Volgina  |b T. N.  |c chemist  |c Associate Professor of Tomsk Polytechnic University, Candidate of chemical sciences  |f 1975-  |g Tatiana Nikolaevna  |2 stltpush  |4 727 
702 1 |a Shvagrukova  |b E. V.  |c linguist  |c Head of the Department of Tomsk Polytechnic University, Candidate of philological sciences  |f 1980-  |g Ekaterina Vasilevna  |2 stltpush  |4 727 
712 0 2 |a Национальный исследовательский Томский политехнический университет  |b Инженерная школа природных ресурсов  |b Отделение химической инженерии  |h 8085  |2 stltpush  |3 (RuTPU)RU\TPU\col\23513 
712 0 2 |a Национальный исследовательский Томский политехнический университет  |b Школа базовой инженерной подготовки  |b Отделение иностранных языков  |h 8029  |2 stltpush  |3 (RuTPU)RU\TPU\col\23510 
801 2 |a RU  |b 63413507  |c 20180821  |g RCR 
856 4 |u http://earchive.tpu.ru/handle/11683/49923 
942 |c BK